The marrow of astrology : in two books : wherein is contained the natures of the signes and planets, with their several governing angels, according to their respective hierarchies : also philosophical reasons for takeing the planets antiscions, and part of fortune, with the method of directions according to the Ægyptians and Chaldeans, with several other useful examples : also a new table of houses, exactly calculated for the latitude of London, with tables of the mundane aspects, and all that is requisite, for the rectifying and directing nativities, according to the true intent and meaning of Ptolomy : wherein is discovered the errors of Argol, Regiomontanus, and most of our modern authors, in several examples, never before done in English /

Bibliographic Details
Main Author: Kirby, Richard, b. 1649
Other Authors: Bishop, John, 17th cent
Format: eBook
Language:English
Published: London : Printed by Joseph Streater ... for the authors, and are to be sold by John Southly ..., 1687.
Series:Early English books online.
Subjects:
Online Access:Connect to the full text of this electronic book

MARC

Tag First Indicator Second Indicator Subfields
LEADER 00000nam a2200000Ia 4500
001 in00004245437
005 20200807093105.0
006 m g d
007 cr bn |||a|bb|
008 850329s1687 enk o 00| | eng d
035 |a (OCoLC)11865076 
040 |a EAA  |c EAA  |d m/c  |d WaOLN 
037 |a CL0037000001  |b ProQuest Information and Learning. 300 N. Zeeb Rd., Ann Arbor, MI 48106 
049 |a UMIA 
100 1 |a Kirby, Richard,  |d b. 1649. 
245 1 4 |a The marrow of astrology :  |b in two books : wherein is contained the natures of the signes and planets, with their several governing angels, according to their respective hierarchies : also philosophical reasons for takeing the planets antiscions, and part of fortune, with the method of directions according to the Ægyptians and Chaldeans, with several other useful examples : also a new table of houses, exactly calculated for the latitude of London, with tables of the mundane aspects, and all that is requisite, for the rectifying and directing nativities, according to the true intent and meaning of Ptolomy : wherein is discovered the errors of Argol, Regiomontanus, and most of our modern authors, in several examples, never before done in English /  |c by Richard Kirby and John Bishop ... 
260 |a London :  |b Printed by Joseph Streater ... for the authors, and are to be sold by John Southly ...,  |c 1687. 
300 |a 1 online resource (2 volume) 
336 |a text  |b txt  |2 rdacontent 
337 |a computer  |b c  |2 rdamedia 
338 |a online resource  |b cr  |2 rdacarrier 
500 |a Part 1 is by Richard Kirby and part 2, with a separate t.p., is by John Bishop. Cf. BM. 
500 |a Errata: pages [3] at beginning. 
500 |a Reproduction of original in British Library. 
510 4 |a Wing  |c K622 
510 4 |a Arber's Term cat.  |c II 177 
533 |a Electronic reproduction.  |b Ann Arbor, Mich. :  |c UMI,  |d 1999-  |f (Early English books online)  |n Digital version of: (Early English books, 1641-1700 ; 35:22)  |7 s1999 miun s 
650 0 |a Astrology  |v Early works to 1800. 
700 1 |a Bishop, John,  |d 17th cent. 
830 0 |a Early English books online. 
856 4 0 |u http://proxy.library.tamu.edu/login?url=https://search.proquest.com/docview/2240880993  |z Connect to the full text of this electronic book  |t 0 
999 f f |s 0fdcdfaf-a273-323e-9c3a-acf288adea8b  |i e47396cf-e676-3d98-82c0-175b9748d580  |t 0 
952 f f |a Texas A&M University  |b College Station  |c Electronic Resources  |d Available Online  |t 0  |h No information provided 
998 f f |t 0  |l Available Online